Conquistar el Eco: La Paradoja de la Conciencia Criolla /

Serie de ensayos sobre la problemática de la cultura novohispana, cuyo denominador común es develar los caminos por los cuales el criollo recreó la cultura europea, especialmente la escrita en latín, en las tierras americanas y sobre las maneras de conciliar el paradigma europeo con la singularidad...

সম্পূর্ণ বিবরণ

সংরক্ষণ করুন:
গ্রন্থ-পঞ্জীর বিবরন
প্রধান লেখক: Osorio, Ignacio (autor)
বিন্যাস: গ্রন্থ
ভাষা:স্প্যানিশ
প্রকাশিত: México : UNAM, 1989
মালা:(Biblioteca de Letras)
বিষয়গুলি:
ট্যাগগুলো: ট্যাগ যুক্ত করুন
কোনো ট্যাগ নেই, প্রথমজন হিসাবে ট্যাগ করুন!

MARC

LEADER 00000nam^a2200000^a^4500
001 000026661
005 20250521000000.0
009 20260310084740.884
020 |a 968-36-0809-4 
037 |a Acervo ITESO - Biblioteca 
041 |a ESP 
082 |a 972. 03  |b OSO 
100 |a Osorio, Ignacio  |e (autor) 
245 1 0 |a Conquistar el Eco: La Paradoja de la Conciencia Criolla /  |c I. Osorio. 
264 1 |a México :  |b UNAM,  |c 1989 
300 |a 397 p. 
336 |a texto  |b txt  |2 rdacontenido 
337 |a sin mediación  |b n  |2 rdamedio 
338 |a volumen  |b nc  |2 rdasoporte 
440 1 |a (Biblioteca de Letras) 
520 |a Serie de ensayos sobre la problemática de la cultura novohispana, cuyo denominador común es develar los caminos por los cuales el criollo recreó la cultura europea, especialmente la escrita en latín, en las tierras americanas y sobre las maneras de conciliar el paradigma europeo con la singularidad de la propia creación. 
649 |a XX 
650 |a México -  |x Historia 
650 |a México -  |x Historia -  |y Virreinato, 1535-1821 
650 |a Cosmovisión -  |z México 
910 |a Fondo General 
920 |a Impresos - Libros 
930 |a Colección General 
905 |a 101 
901 |a 0266610100  |b IT1  |c ACC  |i 026661  |u 20250521 
902 |a https://opac.biblio.iteso.mx/vufind/Record/000026661